[Event "Ruhrgebiet VK1 0304"]
[Site "Ruhrgebiet"]
[Date "2004.02.08"]
[Round "6.8"]
[White "Papenkordt, Karl Hermann"]
[Black "Lauft, Heinz Joerg"]
[Result "1-0"]
[WhiteElo "1709"]
[BlackElo "1498"]
[PlyCount "80"]
[EventDate "2003.09.28"]
[EventType "team-tourn"]
[EventRounds "9"]
[EventCountry "GER"]
[SourceTitle "EXT 2007"]
[Source "ChessBase"]
[SourceDate "2006.11.23"]
[SourceVersion "1"]
[SourceVersionDate "2006.11.23"]
[SourceQuality "1"]
[WhiteTeam "Witten"]
[BlackTeam "Boenen SV"]
[WhiteTeamCountry "GER"]
[BlackTeamCountry "GER"]

1. c4 e5 2. Nc3 Nc6 3. e3 Nf6 4. g3 Be7 5. Bg2 d6 6. Nge2 Bd7 7. 0-0 Qc8 8. Re1 Bh3 9. Bh1 g5 10. d4 Qd7 11. a3 h5 12. Qa4 h4 13. d5 Nd8 14. Qxd7+ Nxd7 15. Nb5 Rc8 16. Nxa7 Ra8 17. Nb5 Rc8 18. b3 Nc5 19. b4 Nd3 20. Rd1 hxg3 21. fxg3 Nxc1 22. Raxc1 b6 23. Bg2 Bg4 24. Rd2 f5 25. c5 dxc5 26. d6 cxd6 27. bxc5 Rxc5 28. Nec3 Rh6 29. Rb1 e4 30. Nd5 Ne6 31. Nxb6 Rc6 32. Nd5 Nc5 33. Na7 Nb3 34. Nxc6 Nxd2 35. Rb8+ Kd7 36. Ncxe7 Bf3 37. Nxf5 Rg6 38. Nd4 g4 39. Rb7+ Kd8 40. Nc7 Kc8 1-0